| 000 | 00801nam a2200217 a 4500 | ||
|---|---|---|---|
| 001 | 78993 | ||
| 003 | BD-RjUL | ||
| 005 | 20220208110746.0 | ||
| 008 | 211213s1952 ua ||||| |d|| 00| 0 urd d | ||
| 035 | _a(BD-RjUL)78993 | ||
| 040 |
_aBD-RjUL _beng _cBD-RjUL |
||
| 041 | _aurd/ara | ||
| 082 |
_223 _a491.43937 _b AZM 1952 |
||
| 100 | 1 |
_aأعظمي، محمد حسن ;; Azami, Muhammad Hassan _9172 |
|
| 245 |
_aالمعجم الأعظم :: يعني عربي اردو لغات ;; al mujam al'azam :: yaeni arabiun urdu lughat / _cمحمد حسن الأعظمي ;; Muhammad Hassan Al-Azami |
||
| 264 |
_aMisr : _bمكتبۀ اعظميه،, _c1952 |
||
| 300 |
_av. ; _c24 cm |
||
| 650 |
_aUrdu Language _vDictionary _9173 |
||
| 650 |
_aArabic Language _vDictionary _9174 |
||
| 942 |
_2ddc _cREF |
||
| 999 |
_c78993 _d78993 |
||